The Research project : (Record no. 18)

MARC details
000 -LEADER
fixed length control field 00776cam a22002292 4500
001 - CONTROL NUMBER
control field 0000000127
005 - DATE AND TIME OF LATEST TRANSACTION
control field 20151021151037.0
008 - FIXED-LENGTH DATA ELEMENTS--GENERAL INFORMATION
fixed length control field 070111s xx 000 0 eng d
020 ## - INTERNATIONAL STANDARD BOOK NUMBER
International Standard Book Number 0415334454 :
040 ## - CATALOGING SOURCE
Original cataloging agency KABU
Transcribing agency KABU
100 1# - MAIN ENTRY--PERSONAL NAME
Personal name Berry, Ralph.
-- 0000148154
245 14 - TITLE STATEMENT
Title The Research project :
Remainder of title how to write it /
Statement of responsibility, etc. Ralph Berry.
250 ## - EDITION STATEMENT
Edition statement 5th ed.
260 ## - PUBLICATION, DISTRIBUTION, ETC. (IMPRINT)
Place of publication, distribution, etc. London :
Name of publisher, distributor, etc. Routledge,
Date of publication, distribution, etc. 2004.
300 ## - PHYSICAL DESCRIPTION
Extent vii, 128 p.
650 #0 - SUBJECT ADDED ENTRY--TOPICAL TERM
Topical term or geographic name as entry element Dissertation, Academic.
-- 0000148155
852 1# - LOCATION
-- p1467.87 KES
852 1# - LOCATION
-- p1467.87 KES
852 1# - LOCATION
-- p1430 KES
908 ## - PUT COMMAND PARAMETER (RLIN)
Put command parameter 070111
950 ## - LOCAL HOLDINGS (RLIN)
-- 1
Holdings
Withdrawn status Lost status Source of classification or shelving scheme Not for loan Home library Current library Date acquired Total Checkouts Full call number Barcode Date last seen Price effective from Koha item type Date last checked out Cost, normal purchase price Total Renewals
    Library of Congress Classification   Kabarak, Main Campus Kabarak, Main Campus 17/12/2015   LB2369 .B47 2004 c. 2 16481 17/12/2015 17/12/2015 General Collection      
    Library of Congress Classification   Kabarak, Main Campus Kabarak, Main Campus 17/12/2015 1 LB2369 .B47 2004 c. 3 23760 17/03/2020 17/12/2015 General Collection 10/03/2020    
    Library of Congress Classification   Kabarak, Main Campus Kabarak, Main Campus 17/12/2015   LB2369 .B47 2004 c. 4 22675 17/12/2015 17/12/2015 General Collection      
    Library of Congress Classification   Kabarak, Main Campus Kabarak, Main Campus 17/12/2015   LB2369 .B47 2004 c. 5 21943 17/12/2015 17/12/2015 General Collection      
    Library of Congress Classification   Kabarak, Main Campus Kabarak, Main Campus 17/12/2015   LB2369 .B47 2004 c. 1 010664 17/12/2015 17/12/2015 General Collection      
    Library of Congress Classification   Kabarak, Main Campus Kabarak, Main Campus 17/12/2015   LB2369 .B47 2004 c.6 029080 11/08/2020 17/12/2015 General Collection   2044.00  
    Library of Congress Classification   Kabarak, Main Campus Kabarak, Main Campus 17/12/2015 2 LB2369 .B47 2004 c.7 029081 06/10/2022 17/12/2015 General Collection 06/10/2022 2044.00 1
    Library of Congress Classification   Kabarak, Nakuru City Campus Kabarak, Nakuru City Campus 21/10/2015   LB2369 .B47 2004 c. 1 005518 21/10/2015 21/10/2015 General Collection      
    Library of Congress Classification   Kabarak, Nakuru City Campus Kabarak, Nakuru City Campus 21/10/2015 1 LB2369 .B47 2004 c. 2 005519 10/10/2016 21/10/2015 General Collection 25/05/2016    
    Library of Congress Classification   Kabarak, Nakuru City Campus Kabarak, Nakuru City Campus 21/10/2015   LB2369 .B47 2004 c. 3 23355 21/10/2015 21/10/2015 General Collection      
    Library of Congress Classification   Kabarak, Nakuru City Campus Kabarak, Nakuru City Campus 17/12/2015   LB2369 .B47 2004 c. 4 029082 11/08/2020 17/12/2015 General Collection   2044.00  
Designed with assistance from East African Informatics Ltd